000 00542nam a22001937a 4500
003 OSt
005 20140310182352.0
008 130930t xxu||||| |||| 00| 0 eng d
020 _a1551855801
050 _aPZ 8.1
_b.M379 1994
082 _aGS 398.21
_b.T71 1994
100 _aMartin, Annie Claude
_922221
245 _aA Treasury of Fairy Tales.
_cAnnie-Claude Martin.
260 _aON :
_bTransedition Book,
_c1994.
300 _a400 p. :
_bcol. ill. ;
_c27.5 cm.
650 _a Fairy tales
_93114
942 _2lcc
_cBK-GS
999 _c12401
_d12401